Rafinácia rastlinných olejov

Saved in:
Bibliographic Details
Main Author: Haj, Azad Ali
Format: Book
Language:Slovak
Published: Bratislava STU FCHPT 2009
Online Access:View in OPAC
Tags: Add Tag
No Tags, Be the first to tag this record!

MARC

LEADER 00000nam a2200000 a 4500
005 20260127134225.0
008 091019 2009 xo 000 0 slo d
035 |a vtls009961177 
039 9 |a 200910260938  |b mschk03  |y 200910191003  |z mschk03 
040 |a STUSCHK1  |b slo  |c STUSCHK1  |e AACR2 
100 1 |a Haj, Azad Ali 
245 1 |a Rafinácia rastlinných olejov  |c Haj, Azad Ali 
260 |a Bratislava  |b STU FCHPT  |c 2009 
300 |a 24 s.  |b il.  |c 30cm 
500 |a Študijný program: potravinárstvo 
500 |a Študijný odbor: 5.2.24 potravinárstvo 
500 |a Fakulta chemickej a potravinárskej technológie, Odd. potravinárskej technológie 
500 |a Bakalárska práca 
500 |a Obháj.: 16.9. 2009 
910 |a SCHK95 
999 |c 7133  |d 7133